[Event "XV Weekend"]
[Site "Cavarzere ITA"]
[Date "2012.10.28"]
[Round "5"]
[White "Loris, Stefano"]
[Black "Desideri, Leonardo"]
[WhiteElo "1668"]
[BlackElo "1523"]
[Result "1/2-1/2"]
[PlyCount "87"]
[EventDate "2012.10.20"]

1. d4 f5 2. c4 e6 3. Nc3 Nf6 4. Bf4 d5 5. c5 b6 6. cxb6 axb6 7. a3 c5 8. Nf3
Ba6 9. Ne5 Nbd7 10. e3 Bxf1 11. Kxf1 Nxe5 12. Bxe5 Bd6 13. Bxd6 Qxd6 14. Nb5
Qd7 15. a4 Ke7 16. g3 Ra5 17. Kg2 Rha8 18. Qb3 Ne4 19. Rhc1 Nd6 20. Nc3 Qa7 21.
Qd1 g6 22. b3 Ne4 23. Nb5 Qd7 24. f3 Nd6 25. dxc5 Nxb5 26. axb5 bxc5 27. Rxa5
Rxa5 28. Rxc5 Rxb5 29. Qc2 Rxc5 30. Qxc5+ Kf7 31. b4 e5 32. Kf2 e4 33. b5 Ke6
34. f4 Qd6 35. Qc8+ Qd7 36. Qa6+ Qd6 37. b6 d4 38. Qa2+ Kd7 39. Qa7+ Kc6 40. b7
dxe3+ 41. Kg2 Qd2+ 42. Kh3 Qd1 43. b8=Q Qg4+ 44. Kg2 1/2-1/2

[Event "XV Weekend"]
[Site "Cavarzere ITA"]
[Date "2012.10.28"]
[Round "5"]
[White "Luciani, Valerio"]
[Black "Boscolo, Marco"]
[WhiteElo "2206"]
[BlackElo "2150"]
[Result "1-0"]
[PlyCount "71"]
[EventDate "2012.10.20"]

1. d4 Nf6 2. c4 e6 3. Nc3 Bb4 4. a3 Bxc3+ 5. bxc3 c5 6. f3 d5 7. cxd5 exd5 8.
e3 O-O 9. Bd3 b6 10. Ne2 Ba6 11. O-O Re8 12. Ng3 Bxd3 13. Qxd3 Nc6 14. Bd2 Qd7
15. Rad1 Rad8 16. Bc1 Qc7 17. Rfe1 cxd4 18. cxd4 Na5 19. Qf5 Qd7 20. Qg5 h6 21.
Qh4 Nb3 22. Bb2 Rc8 23. Re2 Rc4 24. e4 Rec8 25. Nf5 Rc2 26. Rde1 Qe6 27. g4 Nd2
28. Rxd2 Rxd2 29. exd5 Qd7 30. Bc1 Rxc1 31. Rxc1 Nxd5 32. Qe1 Ra2 33. Qe5 Nf6
34. Rc6 Rxa3 35. Rxf6 Qa4 36. Ne7+ 1-0

[Event "XV Weekend"]
[Site "Cavarzere ITA"]
[Date "2012.10.28"]
[Round "5"]
[White "Negro, Roberto"]
[Black "Milazzo, Mario"]
[WhiteElo "2106"]
[BlackElo "2075"]
[Result "1-0"]
[PlyCount "77"]
[EventDate "2012.10.20"]

1. Nf3 d6 2. d4 g6 3. e4 Bg7 4. Nc3 Nd7 5. Bc4 e5 6. Bxf7+ Kf8 7. Ng5 Nb6 8.
dxe5 Bxe5 9. Bb3 Nh6 10. Qf3+ Qf6 11. Nb5 Ke7 12. Qxf6+ Bxf6 13. Nxc7 Rb8 14.
O-O Ng4 15. a4 h6 16. Nf3 Kd7 17. Nb5 a6 18. Nbd4 Ke7 19. c3 Nd7 20. h3 Nge5
21. Nxe5 dxe5 22. Nf3 Nc5 23. Bd5 Bd7 24. b3 Bg7 25. Be3 Rhc8 26. a5 Kf6 27.
Bxc5 Rxc5 28. c4 g5 29. Ne1 Bf8 30. Nd3 Rcc8 31. Rfb1 h5 32. f3 g4 33. fxg4 Be6
34. Rf1+ Ke7 35. gxh5 Bh6 36. Nxe5 Be3+ 37. Kh1 Bd4 38. Ng6+ Kd6 39. Rad1 1-0

[Event "XV Weekend"]
[Site "Cavarzere ITA"]
[Date "2012.10.28"]
[Round "5"]
[White "Ravagnani, Tiziano"]
[Black "Bagolin, Renzo"]
[WhiteElo "1994"]
[BlackElo "1869"]
[Result "1-0"]
[PlyCount "77"]
[EventDate "2012.10.20"]

1. e4 g6 2. d4 Bg7 3. Bc4 d6 4. Nf3 Nf6 5. Nc3 O-O 6. Be3 c6 7. e5 Ng4 8. Bf4
dxe5 9. dxe5 Qxd1+ 10. Rxd1 b5 11. Bb3 a5 12. a4 b4 13. Ne4 Na6 14. h3 Nh6 15.
g4 c5 16. Nfg5 Ra7 17. O-O e6 18. Nd6 Bb7 19. Nc4 Nb8 20. Ne4 Bc6 21. Nf6+ Kh8
22. Be3 Na6 23. Nxa5 Bf3 24. Rd6 Rc8 25. Nc4 Bf8 26. Rd2 Nb8 27. Nd6 Bxd6 28.
Rxd6 Ng8 29. Bxc5 Rb7 30. Be3 Ne7 31. a5 Nbc6 32. a6 Rbb8 33. Nd7 Rb5 34. a7
Ra5 35. Nb6 Nxa7 36. Nxc8 Naxc8 37. Rd8+ Kg7 38. Re1 h5 39. Bg5 1-0

[Event "XV Weekend"]
[Site "Cavarzere ITA"]
[Date "2012.10.28"]
[Round "5"]
[White "Rosina, Graziano"]
[Black "De Marchi, Alessandro"]
[WhiteElo "1801"]
[BlackElo "1723"]
[Result "1-0"]
[PlyCount "80"]
[EventDate "2012.10.20"]

1. Nf3 c5 2. c4 Nc6 3. Nc3 Nf6 4. g3 g6 5. Bg2 Bg7 6. O-O O-O 7. d4 cxd4 8.
Nxd4 a6 9. Rb1 Ng4 10. e3 Nge5 11. b3 Nxd4 12. exd4 Nc6 13. Be3 d6 14. Qd2 Bf5
15. Rbd1 Bg4 16. f3 Bf5 17. g4 Bd7 18. Ne2 Rc8 19. h3 Re8 20. d5 Nb8 21. Rc1 b5
22. c5 dxc5 23. Bxc5 e6 24. d6 Rxc5 25. Rxc5 Qb6 26. b4 Bf8 27. Rd1 a5 28. a3
Na6 29. Kh1 Nxc5 30. bxc5 Qxc5 31. Qxa5 Qe5 32. Qd2 Ra8 33. f4 Qc5 34. Bxa8
Qxa3 35. Bg2 b4 36. Rb1 b3 37. Qb2 Qa2 38. Qxa2 bxa2 39. Ra1 Bb5 40. Rxa2 Bxd6
1-0

[Event "XV Weekend"]
[Site "Cavarzere ITA"]
[Date "2012.10.28"]
[Round "5"]
[White "Rossi, Gianni"]
[Black "Bettera, Roberto"]
[WhiteElo "1862"]
[BlackElo "1990"]
[Result "0-1"]
[PlyCount "112"]
[EventDate "2012.10.20"]

1. d4 Nf6 2. f3 g6 3. e4 d6 4. Nc3 Bg7 5. Be3 O-O 6. Qd2 c6 7. O-O-O b5 8. Kb1
a5 9. g4 a4 10. Bh6 b4 11. Nce2 Qa5 12. Nc1 Nbd7 13. h4 Ba6 14. Bxg7 Kxg7 15.
Bxa6 Rxa6 16. h5 Ng8 17. hxg6 fxg6 18. Qh2 h6 19. f4 Ndf6 20. g5 hxg5 21. Qh8+
Kf7 22. e5 Nd5 23. Qh7+ Ke8 24. Qxg6+ Kd7 25. Qxg5 b3 26. cxb3 a3 27. Qg4+ Kd8
28. Nge2 axb2 29. Kxb2 Qa3+ 30. Kb1 Ne3 31. Qg7 Re8 32. Rd3 Nd5 33. Rf3 e6 34.
Rh8 Nge7 35. Qh6 Rxh8 36. Qxh8+ Kd7 37. Qb8 Nc7 38. Qf8 Ra8 39. Qf7 Nb5 40. f5
exf5 41. Rxf5 d5 42. Rg5 Qb4 43. Rg7 Re8 44. Qf5+ Kd8 45. Qd3 Rf8 46. Rg1 Rf2
47. e6 Nf5 48. Rg4 Na3+ 49. Ka1 c5 50. dxc5 Qxg4 51. Qxd5+ Ke7 52. Qd7+ Kf6 53.
Qf7+ Kg5 54. e7 Qe4 55. Qg8+ Kh4 56. e8=Q Qb1# 0-1

[Event "XV Weekend"]
[Site "Cavarzere ITA"]
[Date "2012.10.28"]
[Round "5"]
[White "Santagati, Marco"]
[Black "Calicchia, Giovanni"]
[WhiteElo "1599"]
[BlackElo "1885"]
[Result "1/2-1/2"]
[PlyCount "120"]
[EventDate "2012.10.20"]

1. d4 c5 2. Nc3 cxd4 3. Qxd4 Nf6 4. e4 Nc6 5. Qd1 g6 6. Nf3 Bg7 7. Bc4 O-O 8.
O-O d6 9. h3 a6 10. a3 b5 11. Ba2 Bb7 12. Re1 Rc8 13. Bd2 e6 14. Bg5 Qc7 15.
Rc1 h6 16. Bh4 g5 17. Bg3 Rfd8 18. Re3 Ne5 19. Nxe5 dxe5 20. Qe1 Nh5 21. Bh2
Nf4 22. Rg3 Rd4 23. Rd1 Rcd8 24. Rxd4 exd4 25. Ne2 Qxc2 26. Nxf4 gxf4 27. Rxg7+
Kxg7 28. Bb1 Qxb2 29. Bxf4 d3 30. Bd2 f6 31. f3 Qe5 32. Qh4 h5 33. g4 Rh8 34.
g5 fxg5 35. Bxg5 Qd4+ 36. Qf2 Qxf2+ 37. Kxf2 Rc8 38. Bd2 Rd8 39. Ke3 e5 40.
Bxd3 Kg6 41. h4 Bc6 42. Bc3 Re8 43. Bc2 Bd7 44. Bb3 Be6 45. Bc2 Rc8 46. Kd2 Rf8
47. Ke3 Rf4 48. Bxe5 Rxh4 49. Bg3 Rh1 50. Bd6 h4 51. f4 Bc4 52. e5+ Kf7 53. f5
h3 54. Be4 Re1+ 55. Kf3 Rxe4 56. Kxe4 Bb3 57. e6+ Bxe6 58. fxe6+ Kxe6 59. Bh2
a5 60. Kd3 Kd5 1/2-1/2

[Event "XV Weekend"]
[Site "Cavarzere ITA"]
[Date "2012.10.28"]
[Round "5"]
[White "Vastano, Ciro"]
[Black "Martarello, Andrea"]
[WhiteElo "1550"]
[BlackElo "1467"]
[Result "1-0"]
[PlyCount "83"]
[EventDate "2012.10.20"]

1. e4 c5 2. Nf3 d6 3. d4 cxd4 4. Nxd4 Nf6 5. Nc3 a6 6. f3 e6 7. Be3 Be7 8. Qd2
Nc6 9. O-O-O e5 10. Nb3 Be6 11. Kb1 O-O 12. g4 Ne8 13. Nd5 h6 14. Nxe7+ Qxe7
15. h4 Qf6 16. Qg2 Bxb3 17. cxb3 Nd4 18. Rh3 Ne6 19. g5 Nf4 20. gxf6 Nxg2 21.
Bxg2 Nxf6 22. Rxd6 Kh7 23. Rh1 Nh5 24. Rhd1 f6 25. Bh3 Ng3 26. Rd7 b5 27. Bf2
Ne2 28. Bf5+ Kh8 29. Rc7 Rad8 30. Rdd7 Rg8 31. Be3 h5 32. Rxd8 Rxd8 33. Rc8
Rxc8 34. Bxc8 Ng3 35. Bxa6 Nf1 36. Bg1 Nd2+ 37. Kc2 Nxf3 38. Bf2 g5 39. hxg5
fxg5 40. Bxb5 h4 41. Be2 Nd4+ 42. Bxd4 1-0

[Event "XV Weekend"]
[Site "Cavarzere ITA"]
[Date "2012.10.28"]
[Round "5"]
[White "Xia, Jie"]
[Black "Della Sala, Bruno"]
[WhiteElo "2243"]
[BlackElo "1901"]
[Result "1-0"]
[PlyCount "57"]
[EventDate "2012.10.20"]

1. d4 Nf6 2. Nf3 c5 3. c3 g6 4. g3 Bg7 5. Bg2 O-O 6. O-O d6 7. Re1 Nc6 8. h3
Nd7 9. d5 Nce5 10. Nbd2 b5 11. Nxe5 Nxe5 12. f4 Nd7 13. e4 Rb8 14. Nf3 Qc7 15.
e5 dxe5 16. fxe5 Rb6 17. Bf4 e6 18. d6 Qb8 19. Qd2 Re8 20. b4 cxb4 21. cxb4 f6
22. exf6 Bxf6 23. Rac1 e5 24. Rc7 Re6 25. Qc2 Re8 26. Qb3+ Kh8 27. Nxe5 Rxe5
28. Bxe5 Bxe5 29. Rxe5 1-0

[Event "XV Weekend"]
[Site "Cavarzere ITA"]
[Date "2012.10.26"]
[Round "5"]
[White "Zanirato, Stefano"]
[Black "Spano, Alfredo"]
[WhiteElo "1914"]
[BlackElo "1851"]
[Result "1/2-1/2"]
[PlyCount "116"]
[EventDate "2012.10.20"]

1. e4 c5 2. Nf3 d6 3. Bb5+ Bd7 4. Bxd7+ Qxd7 5. O-O Nf6 6. d3 Nc6 7. h3 e6 8.
c4 Be7 9. Nc3 O-O 10. Bg5 h6 11. Bh4 Nh7 12. Bxe7 Qxe7 13. Ne2 Rfd8 14. Ng3 Ng5
15. Nh2 Nh7 16. Ne2 d5 17. exd5 exd5 18. cxd5 Rxd5 19. Nf4 Rd4 20. Qf3 Qd6 21.
g3 Ng5 22. Qe3 Qd7 23. Rfe1 Nxh3+ 24. Nxh3 Qxh3 25. Rac1 b6 26. Qf3 Qd7 27. Re3
Rd8 28. Rce1 Nb4 29. Re7 Qd5 30. Rxa7 Qxf3 31. Nxf3 Rxd3 32. Kg2 R3d7 33. Re7
Rxe7 34. Rxe7 Nd5 35. Rb7 f6 36. Nh4 Kf8 37. Nf5 g5 38. Nxh6 Ra8 39. a3 Ra4 40.
Nf5 Ke8 41. Ne3 Nxe3+ 42. fxe3 Ra7 43. Kf3 c4 44. Ke4 c3 45. bxc3 Rxa3 46. Rxb6
Kf7 47. Kd5 f5 48. Rc6 Ra1 49. c4 Rg1 50. Ke5 Rxg3 51. Kxf5 Rxe3 52. Kxg5 Ke7
53. Kf4 Re1 54. Ra6 Kd7 55. Kf5 Kc7 56. Rh6 Rc1 57. Rh4 Kc6 58. Ke5 Kc5 1/2-1/2

[Event "XV Weekend"]
[Site "Cavarzere ITA"]
[Date "2012.10.28"]
[Round "6"]
[White "Bagolin, Renzo"]
[Black "Beltrame, Leonardo"]
[WhiteElo "1869"]
[BlackElo "1575"]
[Result "1/2-1/2"]
[PlyCount "60"]
[EventDate "2012.10.20"]

1. c4 Nf6 2. g3 g6 3. Bg2 Bg7 4. Nc3 d6 5. d4 Nbd7 6. Nf3 O-O 7. O-O e5 8. dxe5
dxe5 9. Qc2 Qe7 10. Nd5 Nxd5 11. cxd5 Nb6 12. e4 f5 13. Ng5 h6 14. Ne6 Bxe6 15.
dxe6 c6 16. Be3 Qxe6 17. Bh3 Qc4 18. Qxc4+ Nxc4 19. Rfd1 Nxe3 20. fxe3 Rad8 21.
Rxd8 Rxd8 22. exf5 gxf5 23. Bxf5 Rd2 24. e4 Bf8 25. Rb1 Bc5+ 26. Kh1 Bd4 27.
Bc8 b6 28. b4 Kf8 29. a4 Ke7 30. a5 Rc2 1/2-1/2

[Event "XV Weekend"]
[Site "Cavarzere ITA"]
[Date "2012.10.28"]
[Round "6"]
[White "Ballarin, Gabriele"]
[Black "Zanirato, Stefano"]
[WhiteElo "1877"]
[BlackElo "1914"]
[Result "0-1"]
[PlyCount "120"]
[EventDate "2012.10.20"]

1. e4 Nc6 2. d4 d5 3. e5 a6 4. c3 Bf5 5. Nd2 e6 6. g4 Bg6 7. h4 h5 8. g5 Nge7
9. Nh3 Bf5 10. Nf4 Bg4 11. Qc2 Bf5 12. Bd3 Ng6 13. Nxg6 fxg6 14. Nf1 Qd7 15.
Ng3 Bxd3 16. Qxd3 Ne7 17. Ne2 Nf5 18. Nf4 Kf7 19. Bd2 c5 20. Be3 Rc8 21. Kf1
cxd4 22. Bxd4 Bc5 23. Bxc5 Rxc5 24. Rh3 Rhc8 25. Ne2 Qc7 26. f4 Rc4 27. Rd1 Re4
28. Rh2 Ne3+ 29. Ke1 Nxd1 30. Kxd1 Qa5 31. a3 Qa4+ 32. Kd2 Qb3 33. Qc2 Qb6 34.
Kd1 Qe3 35. Qd2 Qf3 36. Kc2 Ke7 37. Kb3 a5 38. Nd4 Qxf4 39. Qxf4 Rxf4 40. Ka4
Rc5 41. Rh3 Rc4+ 42. b4 axb4 43. axb4 Re4 44. Ka5 Rxe5 45. Kb6 Re1 46. Kxb7 e5
47. Nc6+ Kd6 48. b5 Rxc6 49. bxc6 Rb1+ 50. Kc8 Kxc6 51. Rf3 Rb7 52. Kd8 e4 53.
Rf1 Kd6 54. Ke8 Ke5 55. Kf8 e3 56. Kg8 Ke4 57. Kh7 e2 58. Ra1 Kd3 59. Kxg6 Kxc3
60. Kxh5 d4 0-1

[Event "XV Weekend"]
[Site "Cavarzere ITA"]
[Date "2012.10.28"]
[Round "6"]
[White "Bau', Lorenzo"]
[Black "Cartegni, Aldo"]
[WhiteElo "1467"]
[BlackElo "1448"]
[Result "0-1"]
[PlyCount "82"]
[EventDate "2012.10.20"]

1. e4 d6 2. Nf3 Nf6 3. Nc3 g6 4. Bc4 Bg7 5. O-O O-O 6. d4 c6 7. Bg5 b5 8. Be2
b4 9. Nb1 Nxe4 10. Be3 d5 11. c4 Nd7 12. Nbd2 Ndf6 13. Rb1 Qc7 14. Ne5 a5 15.
c5 Bf5 16. Rc1 Nxd2 17. Qxd2 Ne4 18. Qd1 f6 19. Nd3 e5 20. f3 Ng5 21. dxe5 Rae8
22. f4 Ne4 23. g4 Be6 24. f5 Bc8 25. e6 Ng3 26. Bf4 Nxe2+ 27. Qxe2 Qb7 28. Bd6
Bh6 29. Rce1 d4 30. Kg2 Be3 31. Rf3 gxf5 32. gxf5 Kh8 33. Kh1 Rg8 34. e7 Qd7
35. Nf2 Rg5 36. Rxe3 dxe3 37. Ng4 Qxf5 38. Nxe3 Qe4+ 39. Ng2 Qd5 40. Rg1 Bg4
41. Qf2 Bf3 0-1

[Event "XV Weekend"]
[Site "Cavarzere ITA"]
[Date "2012.10.28"]
[Round "6"]
[White "Belloni, Umberto"]
[Black "Rossi, Gianni"]
[WhiteElo "1802"]
[BlackElo "1862"]
[Result "1/2-1/2"]
[PlyCount "34"]
[EventDate "2012.10.20"]

1. d4 Nf6 2. c3 b6 3. Bg5 Bb7 4. f4 d6 5. e3 Nbd7 6. Nf3 h6 7. Bh4 e6 8. Bxf6
Nxf6 9. Bd3 Be7 10. Nbd2 O-O 11. Qe2 c5 12. dxc5 bxc5 13. e4 Qb6 14. b3 Qa5 15.
c4 Qc7 16. O-O Rfe8 17. Rad1 Rad8 1/2-1/2

[Event "XV Weekend"]
[Site "Cavarzere ITA"]
[Date "2012.10.28"]
[Round "6"]
[White "Bettera, Roberto"]
[Black "Rosina, Graziano"]
[WhiteElo "1990"]
[BlackElo "1801"]
[Result "1-0"]
[PlyCount "89"]
[EventDate "2012.10.20"]

1. d4 d5 2. Nf3 Nf6 3. e3 Bg4 4. c4 c6 5. cxd5 Bxf3 6. Qxf3 Qxd5 7. Qd1 e6 8.
Nc3 Bb4 9. a3 Bxc3+ 10. bxc3 Qa5 11. Qc2 O-O 12. Bd3 Nbd7 13. O-O e5 14. Bd2
Qc7 15. f4 exd4 16. cxd4 g6 17. Rac1 Rac8 18. e4 c5 19. e5 Nd5 20. Qb3 N5b6 21.
Be4 c4 22. Qg3 f5 23. Bf3 Rfe8 24. Bb4 Nf8 25. h4 Qf7 26. Qf2 Nd5 27. g3 Nd7
28. Bd6 N7b6 29. Rfe1 Qe6 30. Qg2 h5 31. a4 a5 32. Bc5 Qd7 33. Rb1 Qd8 34. Bxb6
Nxb6 35. d5 c3 36. d6 c2 37. Rbc1 Nxa4 38. Rxc2 Rxc2 39. Qxc2 Qb6+ 40. Kg2 Nc5
41. Rb1 Qa7 42. d7 Nxd7 43. Rxb7 Qd4 44. Qc7 Re7 45. e6 1-0

[Event "XV Weekend"]
[Site "Cavarzere ITA"]
[Date "2012.10.28"]
[Round "6"]
[White "Cacco, Christian"]
[Black "Luciani, Valerio"]
[WhiteElo "2302"]
[BlackElo "2206"]
[Result "1/2-1/2"]
[PlyCount "146"]
[EventDate "2012.10.20"]

1. d4 d5 2. Nf3 Nf6 3. c4 e6 4. Nc3 Be7 5. Bf4 O-O 6. e3 c5 7. dxc5 Bxc5 8.
cxd5 exd5 9. Be2 Nc6 10. O-O Be6 11. Rc1 Be7 12. Nd4 Rc8 13. Ncb5 Qb6 14. Nb3
Rfd8 15. N5d4 Re8 16. Qd3 Ne4 17. Qb5 g5 18. Qxb6 axb6 19. Bg3 Nxg3 20. hxg3
Nxd4 21. Nxd4 Bf6 22. Bb5 Rxc1 23. Rxc1 Rc8 24. Rxc8+ Bxc8 25. Kf1 Kf8 26. Ke2
Ke7 27. Kd2 Kd6 28. Bd3 h6 29. Kc2 Bd7 30. Be2 Ke7 31. Bf3 Kd6 32. Kd3 Bd8 33.
Bd1 Bc7 34. g4 Bd8 35. g3 f6 36. f4 Be7 37. Bf3 Bf8 38. a3 Be7 39. b4 Bf8 40.
Kc3 Be7 41. Nf5+ Bxf5 42. gxf5 b5 43. Bh5 Bd8 44. Be8 Bb6 45. Kd3 Ba7 46. Ke2
Bb6 47. Bxb5 Ba7 48. Be8 Ke7 49. Bh5 Kd6 50. Kd3 Ke7 51. Bd1 Kd6 52. Bf3 Kc6
53. a4 Bb8 54. Kc3 Ba7 55. Kd2 Kd6 56. Kd3 Kc6 57. Bh5 Kd6 58. Bf7 Kc6 59. Be8+
Kd6 60. a5 Ke7 61. Bh5 Kd6 62. Bd1 Kc6 63. Ba4+ Kd6 64. Bb5 Kc7 65. Kd2 Kd6 66.
Bd3 Kc6 67. Be2 Kc7 68. Bf3 Kc6 69. Kd3 Kd6 70. e4 dxe4+ 71. Bxe4 Kc7 72. b5
Bf2 73. b6+ Kb8 1/2-1/2

[Event "XV Weekend"]
[Site "Cavarzere ITA"]
[Date "2012.10.28"]
[Round "6"]
[White "Calicchia, Giovanni"]
[Black "Spano, Alfredo"]
[WhiteElo "1885"]
[BlackElo "1851"]
[Result "0-1"]
[PlyCount "94"]
[EventDate "2012.10.20"]

1. e4 b6 2. Nc3 Bb7 3. d4 e6 4. Nf3 Bb4 5. Bd3 Nf6 6. Qe2 d5 7. exd5 Nxd5 8.
Bd2 Nxc3 9. bxc3 Be7 10. O-O O-O 11. Rfe1 Nd7 12. Ne5 c5 13. Qh5 Nf6 14. Qh3
cxd4 15. Rad1 Rc8 16. Ng4 g6 17. Bh6 Re8 18. Ne5 Bf8 19. Bg5 Bg7 20. Ng4 h5 21.
Ne5 Rxc3 22. Qh4 Qd5 23. f3 Nh7 24. Bf4 Bf6 25. Qf2 Qd8 26. Bb5 Re7 27. Rxd4
Qc8 28. Rd2 Qc5 29. Qxc5 Rxc5 30. Ba4 g5 31. Nd7 gxf4 32. Nxc5 bxc5 33. Red1
Bd4+ 34. Kh1 Nf6 35. Bb3 Bd5 36. c4 Bc6 37. Rd3 h4 38. Rxd4 cxd4 39. Rxd4 e5
40. Rd6 Re6 41. Rd8+ Kg7 42. Kg1 e4 43. fxe4 Nxe4 44. Rd4 Rd6 45. Rxd6 Nxd6 46.
g3 fxg3 47. hxg3 hxg3 0-1

[Event "XV Weekend"]
[Site "Cavarzere ITA"]
[Date "2012.10.28"]
[Round "6"]
[White "De Marchi, Alessandro"]
[Black "Loris, Stefano"]
[WhiteElo "1723"]
[BlackElo "1668"]
[Result "1/2-1/2"]
[PlyCount "70"]
[EventDate "2012.10.20"]

1. Nf3 c6 2. c4 Nf6 3. d4 d5 4. Nc3 g6 5. h4 h5 6. Qc2 Bf5 7. Qb3 Qb6 8. c5
Qxb3 9. axb3 Bg7 10. Bf4 Na6 11. e4 dxe4 12. Bxa6 bxa6 13. Ne5 Nd5 14. Nxd5
cxd5 15. Rxa6 O-O 16. O-O Rfb8 17. Rfa1 Rxb3 18. Rxa7 Rxa7 19. Rxa7 Bxe5 20.
Bxe5 f6 21. Bf4 Rxb2 22. c6 Rc2 23. c7 Kf7 24. Bd6 Bc8 25. Bc5 Ke8 26. Ra3 g5
27. hxg5 fxg5 28. Re3 e5 29. f3 exd4 30. Bxd4 Rxc7 31. fxe4 dxe4 32. Rxe4+ Kf7
33. Re5 Kg6 34. Be3 g4 35. Rg5+ Kf6 1/2-1/2

[Event "XV Weekend"]
[Site "Cavarzere ITA"]
[Date "2012.10.28"]
[Round "6"]
[White "Della Sala, Bruno"]
[Black "Ravagnani, Tiziano"]
[WhiteElo "1901"]
[BlackElo "1994"]
[Result "1-0"]
[PlyCount "91"]
[EventDate "2012.10.20"]

1. d4 Nf6 2. Nf3 g6 3. c4 Bg7 4. Nc3 d5 5. Bg5 Ne4 6. cxd5 Nxg5 7. Nxg5 e6 8.
Nf3 exd5 9. e3 O-O 10. Bd3 c6 11. O-O Nd7 12. b4 Re8 13. b5 Nf8 14. Qb3 Ne6 15.
Rac1 Bd7 16. bxc6 bxc6 17. Na4 Rb8 18. Qc2 Qa5 19. Nc5 Nxc5 20. Qxc5 Qxc5 21.
Rxc5 Rb2 22. Ra5 Rb7 23. h3 Bf6 24. Rc1 h5 25. Ra6 Kg7 26. Rc3 g5 27. Nd2 g4
28. hxg4 hxg4 29. g3 Rc7 30. Nb3 Rb8 31. Nc5 Bc8 32. Ra5 Bg5 33. Kg2 Be7 34.
Bc2 Bf6 35. Bb3 Bd8 36. Na6 Bxa6 37. Rxa6 Rb6 38. Ra5 Kf6 39. Rac5 Ra6 40. Kf1
Ke6 41. e4 Kd6 42. exd5 Bf6 43. Rxc6+ Raxc6 44. Rxc6+ Rxc6 45. dxc6 Bxd4 46.
Bxf7 1-0

[Event "XV Weekend"]
[Site "Cavarzere ITA"]
[Date "2012.10.28"]
[Round "6"]
[White "Desideri, Alessandro"]
[Black "Del Monaco, Andrea"]
[WhiteElo "1800"]
[BlackElo "2275"]
[Result "0-1"]
[PlyCount "116"]
[EventDate "2012.10.20"]

1. e4 c5 2. Nf3 g6 3. d3 Bg7 4. Nbd2 Nc6 5. g3 e5 6. Bg2 d6 7. O-O Nge7 8. c3
O-O 9. a3 a5 10. a4 h6 11. Nc4 Be6 12. Na3 f5 13. exf5 Nxf5 14. Nb5 Qd7 15. h3
Rf7 16. g4 Nfe7 17. Nd2 d5 18. Nb3 b6 19. Qe2 Raf8 20. Bd2 e4 21. Rae1 Ne5 22.
Nc1 Nf3+ 23. Kh1 Bxg4 24. dxe4 Bxh3 25. Bxf3 Bxf1 26. Bg4 Qxb5 27. axb5 Bxe2
28. Rxe2 Rxf2 29. Be6+ Kh7 30. exd5 Rxe2 31. Nxe2 Rf2 32. d6 Nf5 33. d7 Bf6 34.
Bc4 Rxe2 35. Bxe2 Ng3+ 36. Kg2 Nxe2 37. Kf2 Nxc3 38. Bxc3 Bd8 39. Kf3 Kg8 40.
Ke4 h5 41. Be5 Kf7 42. Kd5 c4 43. Kc6 a4 44. Bc7 Ke7 45. Bd6+ Ke6 46. Bc7 Ke7
47. Bd6+ Ke6 48. Bc7 Bf6 49. Bxb6 a3 50. bxa3 c3 51. Be3 h4 52. b6 h3 53. Bf4
c2 54. b7 h2 55. b8=Q h1=Q+ 56. Kc7 Be5+ 57. Bxe5 c1=Q+ 58. Kd8 Qh4+ 0-1

[Event "XV Weekend"]
[Site "Cavarzere ITA"]
[Date "2012.10.28"]
[Round "6"]
[White "Desideri, Leonardo"]
[Black "Ferrari, Carlino"]
[WhiteElo "1523"]
[BlackElo "1720"]
[Result "1-0"]
[PlyCount "39"]
[EventDate "2012.10.20"]

1. e4 c5 2. Nf3 d6 3. d4 cxd4 4. Nxd4 e6 5. Nc3 Bd7 6. Be3 a6 7. Qd2 Be7 8. f3
Qc7 9. O-O-O Nc6 10. g4 Ne5 11. h4 b5 12. a3 Rc8 13. g5 Nc4 14. Bxc4 bxc4 15.
f4 Qa5 16. Nce2 Qa4 17. Qc3 Rb8 18. Nxe6 f6 19. Nxg7+ Kf7 20. Nf5 1-0

[Event "XV Weekend"]
[Site "Cavarzere ITA"]
[Date "2012.10.28"]
[Round "6"]
[White "Desideri, Pietro"]
[Black "Vastano, Ciro"]
[WhiteElo "1688"]
[BlackElo "1550"]
[Result "0-1"]
[PlyCount "82"]
[EventDate "2012.10.20"]

1. e4 e6 2. d3 d5 3. Nd2 Nf6 4. g3 Be7 5. Bg2 O-O 6. Ngf3 c6 7. O-O Qc7 8. Re1
Re8 9. e5 Nfd7 10. Nf1 c5 11. Bf4 Nc6 12. c3 Qb6 13. Qe2 Qd8 14. h4 b6 15. N1h2
Ba6 16. Rad1 Rc8 17. Ng4 Nf8 18. c4 d4 19. h5 Bb7 20. Qd2 Nd7 21. Ng5 Qc7 22.
Qe2 Qd8 23. Qd2 Qc7 24. Be4 Nf8 25. Nf3 Nb8 26. Bg5 Bxe4 27. Rxe4 Nc6 28. Bxe7
Qxe7 29. Nf6+ gxf6 30. Rg4+ Ng6 31. hxg6 fxg6 32. Nh4 Nxe5 33. Re4 g5 34. Kh2
gxh4 35. gxh4 Nf3+ 36. Kh3 Nxd2 37. Rg1+ Kh8 38. Reg4 e5 39. R1g3 Qe6 40. Kg2
Qc6+ 41. Kh3 Qh1# 0-1

[Event "XV Weekend"]
[Site "Cavarzere ITA"]
[Date "2012.10.28"]
[Round "6"]
[White "Guerra, Alessandro"]
[Black "Boscolo, Marco"]
[WhiteElo "2199"]
[BlackElo "2150"]
[Result "1-0"]
[PlyCount "65"]
[EventDate "2012.10.20"]

1. e4 d6 2. d4 Nf6 3. Nc3 e5 4. Nf3 Nbd7 5. Bc4 Be7 6. O-O O-O 7. Re1 a6 8. a4
b6 9. Be3 c6 10. Qe2 Bb7 11. dxe5 dxe5 12. Red1 Qc7 13. Nh4 b5 14. Nf5 Nc5 15.
b4 Ne6 16. Bxe6 Bxb4 17. Na2 fxe6 18. Nh6+ gxh6 19. Nxb4 c5 20. Nd3 Bxe4 21.
Nxc5 Bd5 22. axb5 axb5 23. f3 Qg7 24. Qd2 Rxa1 25. Rxa1 Qg6 26. Nd3 Rc8 27. Ra7
Qf5 28. Bxh6 e4 29. Rg7+ Kh8 30. Rg5 exd3 31. Bg7+ Kg8 32. Bxf6+ Kf7 33. Rxf5
1-0

[Event "XV Weekend"]
[Site "Cavarzere ITA"]
[Date "2012.10.28"]
[Round "6"]
[White "Lodici, Lorenzo"]
[Black "Aprile, Martino"]
[WhiteElo "1870"]
[BlackElo "1920"]
[Result "1/2-1/2"]
[PlyCount "28"]
[EventDate "2012.10.20"]

1. d4 Nf6 2. c4 e6 3. Nc3 d5 4. cxd5 exd5 5. Bg5 c6 6. Qc2 Be7 7. e3 Nbd7 8.
Bd3 h6 9. Bh4 O-O 10. Nge2 Re8 11. f3 a6 12. O-O c5 13. a3 b5 14. Kh1 Bb7
1/2-1/2

[Event "XV Weekend"]
[Site "Cavarzere ITA"]
[Date "2012.10.28"]
[Round "6"]
[White "Marchetti, Daniele"]
[Black "Martarello, Andrea"]
[WhiteElo "1712"]
[BlackElo "1467"]
[Result "1/2-1/2"]
[PlyCount "103"]
[EventDate "2012.10.20"]

1. d4 Nf6 2. c4 e6 3. a3 b6 4. Nc3 Bb7 5. Nf3 Be7 6. Qc2 d5 7. e3 O-O 8. Bd3
Nbd7 9. Rg1 c5 10. Ne5 Qc7 11. Nb5 Qd8 12. Bd2 a6 13. Nc3 Qc7 14. f4 Rac8 15.
Nxd7 Qxd7 16. O-O-O cxd4 17. exd4 dxc4 18. Be2 Qxd4 19. g4 b5 20. g5 Ne4 21.
Nxe4 Bxe4 22. Qc3 Qxc3+ 23. Bxc3 f6 24. Rd7 Bc5 25. gxf6 Bxg1 26. Rxg7+ Kh8 27.
Rxg1 Rf7 28. Bh5 Bg6 29. Bxg6 hxg6 30. Rxg6 Kh7 31. Rg3 Rc5 32. Be5 Rd5 33. Kc2
a5 34. b3 cxb3+ 35. Kxb3 Rfd7 36. Kc3 b4+ 37. axb4 axb4+ 38. Kxb4 Rd3 39. Rg7+
Rxg7 40. fxg7 Kg8 41. Kc5 Rh3 42. Kd6 Kf7 43. Kd7 Rxh2 44. g8=Q+ Kxg8 45. Kxe6
Rh6+ 46. Bf6 Kf8 47. f5 Ke8 48. Ke5 Kf7 49. Bg5 Ra6 50. f6 Ra5+ 51. Kf4 Kg6 52.
Bh4 1/2-1/2

[Event "XV Weekend"]
[Site "Cavarzere ITA"]
[Date "2012.10.28"]
[Round "6"]
[White "Milazzo, Mario"]
[Black "Giuriato, Sergio"]
[WhiteElo "2075"]
[BlackElo "1981"]
[Result "1-0"]
[PlyCount "65"]
[EventDate "2012.10.20"]

1. c4 e6 2. Nf3 Nf6 3. g3 d5 4. d4 Be7 5. Bg2 O-O 6. O-O dxc4 7. Ne5 Nc6 8.
Bxc6 bxc6 9. Nxc6 Qe8 10. Nxe7+ Qxe7 11. Qa4 c5 12. Qxc4 cxd4 13. Qxd4 e5 14.
Qh4 Rb8 15. Nc3 Rb4 16. e4 Qe6 17. b3 Rd4 18. Bg5 Bb7 19. Bxf6 gxf6 20. Rad1
Rfd8 21. Qh5 Rxd1 22. Rxd1 Rd4 23. Qf3 Kg7 24. h4 Qd6 25. Nd5 Rxd1+ 26. Qxd1 f5
27. Qf3 fxe4 28. Qg4+ Kh8 29. Ne3 Qc7 30. Qg5 Qc1+ 31. Kg2 Qb2 32. Qd8+ Kg7 33.
Nf5+ 1-0

[Event "XV Weekend"]
[Site "Cavarzere ITA"]
[Date "2012.10.28"]
[Round "6"]
[White "Mosca, Leonildo"]
[Black "Basso, Pier Luigi"]
[WhiteElo "2116"]
[BlackElo "2105"]
[Result "1/2-1/2"]
[PlyCount "30"]
[EventDate "2012.10.20"]

1. e4 c5 2. Nf3 a6 3. c4 e6 4. Nc3 Qc7 5. Be2 d6 6. O-O Nf6 7. d4 cxd4 8. Nxd4
Be7 9. Be3 Nbd7 10. Rc1 b6 11. f3 Bb7 12. a3 O-O 13. b4 Rac8 14. Qb3 Qb8 15.
Bf2 Bd8 1/2-1/2